000 00731nam a2200253Ia 4500
003 OSt
005 20220925203931.0
006 a|||||r|||| 00| 0
007 ta
008 220923b |||||||| |||| 00| 0 eng d
020 _a810103095
037 _cGeneral Book
040 _aRTL
_cRTL
_beng
041 _2eng
_aeng
082 _aU43.6591.N7, L0
100 _aRiddell J Barry
_9133116
245 0 _aSpatial dynamics of modernization in Sierra Leona
260 _aEvanston
_bNorthwestern University Press
_c1970
300 _axii, 142p.
_ccm.
500 _aBibliography p.133-40
650 _aUrban Geography
942 _hU43.6591.N7, L0
_cGB
_2CC
999 _c548129
_d548129